000 00446nam a2200181Ia 4500
001 24433
005 20260414151043.0
008 260414t2015||||xx |||||||||||||| ||spa||
041 _aESP
082 _a345.7
_bM26
100 _aMartel Chang, Rolando Alfonzo
_eAUT
245 0 _aPruebas de oficio en el proceso civil
_b
260 _c2015
300 _a253 páginas :
_c25 cm.
650 _aDER
654 _aCDE
942 _cLIB
_dJUS
_fJUS
_2ddc
_n
999 _c24433
_d24433